Logo

Description automatically generated
विद्यार्जन
 संसाधन केंद्र, भारतीय प्रौद्योगिकी संस्थान इन्दौर
Learning Resource Center, Indian Institute of Technology Indore

ऑनलाइन सार्वजनिक अभिगम प्रसूची
Online Public Access Catalogue (OPAC)

Urban sound environment (Record no. 53147)

MARC details
000 -LEADER
fixed length control field 00554nam a22001937a 4500
005 - DATE AND TIME OF LATEST TRANSACTION
control field 20260427093835.0
008 - FIXED-LENGTH DATA ELEMENTS--GENERAL INFORMATION
fixed length control field 260427b |||||||| |||| 00| 0 eng d
020 ## - INTERNATIONAL STANDARD BOOK NUMBER
International Standard Book Number 9780367865207
Qualifying information pbk
082 ## - DEWEY DECIMAL CLASSIFICATION NUMBER
Classification number 620.2309173
Item number KAN
100 ## - MAIN ENTRY--PERSONAL NAME
Personal name Kang, Jian
245 ## - TITLE STATEMENT
Title Urban sound environment
250 ## - EDITION STATEMENT
Edition statement 1st. Pub. 2017 ; 1st pbk ed. 2019
260 ## - PUBLICATION, DISTRIBUTION, ETC.
Place of publication, distribution, etc. New York
Name of publisher, distributor, etc. Routledge, Taylor and Francis Group
Date of publication, distribution, etc. 2019
300 ## - PHYSICAL DESCRIPTION
Extent xviii, 278p. ; 24cm.
653 ## - INDEX TERM--UNCONTROLLED
Uncontrolled term Environmental Technology
653 ## - INDEX TERM--UNCONTROLLED
Uncontrolled term Noise pollution
653 ## - INDEX TERM--UNCONTROLLED
Uncontrolled term Noise control
942 ## - ADDED ENTRY ELEMENTS (KOHA)
Source of classification or shelving scheme Dewey Decimal Classification
Koha item type Book
Holdings
Withdrawn status Lost status Source of classification or shelving scheme Damaged status Not for loan Home library Current library Shelving location Date acquired Source of acquisition Total Checkouts Full call number Barcode Date last seen Price effective from Koha item type
    Dewey Decimal Classification     LRC, IIT Indore LRC, IIT Indore 2nd Floor - General Stack 21/04/2026 PO_2025-26_PO-115 ,Vendor: Atlantic Publishers and Distributors (P) Ltd, New Delhi ; Inv. No.: 1211052, dt.10.04.2026 ; Price: GBP 57.99   620.2309173 KAN 38823 28/04/2026 27/04/2026 Book
Copyright © 2024, 2021, 2017 Indian Institute of Technology Indore. All Rights Reserved.
Managed & maintained by Learning Resource Center, IIT Indore